Pokémon: Evolution par Objet - Statistiques

Statistiques générales
  • Ce quiz a été pris 117 fois
  • Le résultat moyen est 66 sur 91
Statistiques - réponses
Objet Pokémon % Correct
Améliorator Porygon
99%
Magmariseur Magmar
97%
Evoli
96%
Evoli
96%
Evoli
96%
Evoli
96%
Evoli
96%
Dent Océan Coquiperl
95%
Écaille Océan Coquiperl
95%
Électriseur Elektek
95%
Caninos
94%
Griffe Rasoir Farfuret
94%
Peau Métal Onix
94%
Obsidienne Insécateur
92%
Insécateur
92%
Bracelet Galanoa Ramoloss
92%
Couronne Galanoa Ramoloss
92%
Ramoloss
92%
CD Douteux Porygon2
91%
Pierre Feu Goupix
90%
Goupix
90%
Pierre Plante Ortide
90%
Pierre Soleil Ortide
90%
Pierre Eau Têtarte
88%
Roche Royale Têtarte
88%
Écaille Draco Hypocéan
87%
Mélofée
87%
Pièce de Mordudor Mordudor
87%
Bel'Ecaille Barpau
83%
Pierre Aube Kirlia
83%
Pierre Foudre Pikachu
82%
Pomme Acidulée Verpom
82%
Pomme Nectar Verpom
82%
Pomme Sucrée Verpom
82%
Pierre Nuit Cornèbre
81%
Pierre Lune Nidorina
79%
Nidorino
79%
Armure de la Fortune Charbambin
78%
Armure de la Rancune Charbambin
78%
Rondoudou
78%
Croc Rasoir Scorplane
78%
Tissu Fauche Téraclope
78%
Théière Ébréchée Théffroi
78%
Théière Fêlée Théffroi
78%
Spectrum
77%
Stalgamin
77%
Boustiflor
74%
Chantibonbon Sucroquin
74%
Pierre Ovale Ptiravi
73%
Pierre Éclat Togetic
73%
Machopeur
72%
Stari
72%
Sachet Senteur Fluvetin
71%
Kadabra
71%
Rouleau de l'Eau Wushours
71%
Rouleau des Ténèbres Wushours
71%
Feuforêve
68%
Magneton
68%
Pierre Glace Sabelette
68%
Fil de Liaison Gravalanch
67%
Rosélia
67%
Feuillajou
63%
Flamajou
63%
Flotajou
63%
Kokiyas
63%
Bloc de Tourbe Ursaring
62%
Mélancolux
58%
Lampéroie
56%
Noeunoeuf
56%
Lombre
54%
Bol Exceptionnel Poltchageist
54%
Bol Médiocre Poltchageist
54%
Tarinor
54%
Doudouvet
53%
Chlorobule
51%
Galvaran
51%
Pifeuil
50%
Dimoclès
49%
Crabagarre
45%
Munna
45%
Voltorbe
45%
Skitty
44%
Chinchidou
42%
Métal Composite Duralugon
42%
Chrysapile
41%
Piétacé
41%
Floette
40%
Héliatronc
38%
Pimito
36%
Darumarond
35%
Têtampoule
33%
Aucun quiz correspondant
Distribution des résultats
% des personnes avec chaque résultat
Percentile par nombre de réponses
Votre historique - résultats
Vous n’avez pas pris ce quiz